Normal görünüm
MARC görünümü
Giriş Personal Name
001 - CONTROL NUMBER
- control field: 1476
003 - CONTROL NUMBER IDENTIFIER
- control field: TR-AnSIH
005 - DATE AND TIME OF LATEST TRANSACTION
- control field: 20241021101124.0
008 - FIXED-LENGTH DATA ELEMENTS
- fixed length control field: 241021|| aca||aabn | a|a d
040 ## - CATALOGING SOURCE
- Original cataloging agency: TR-AnSIH
- Transcribing agency: TR-AnSIH
100 ## - HEADING--PERSONAL NAME
- Personal name: Eröz, Mehmet
670 ## - SOURCE DATA FOUND
- Source citation: Koha: (TR-AnSIH)7949: Eröz, Mehmet, Türkiye'de Alevilik Bektaşilik /, 1990
